| 000 | 00334nam a2200109Ia 4500 | ||
|---|---|---|---|
| 008 | 171204s9999 xx 000 0 und d | ||
| 245 | _aTelevision Aesthetics And Style: | ||
| 245 | _cJason Jacobs and Steven Peacock | ||
| 260 | _c2013 | ||
| 650 | _xTV PRODUCTION AND DIRECTION | ||
| 856 | _uhttp://down.ebook777.com/022/TelAesAndSty.pdf | ||
| 999 |
_c346190 _d346190 |
||